[Event "Mitropa Cup 31st"]
[Site "Sibenik"]
[Date "2012.06.05"]
[Round "6"]
[White "Bosiocic, Marin"]
[Black "Brunello, Sabino"]
[Result "1/2-1/2"]
[WhiteElo "2555"]
[BlackElo "2592"]
[PlyCount "82"]
[EventDate "2012.05.31"]
[EventType "team-tourn"]
[EventRounds "9"]
[EventCountry "CRO"]
[Source "ChessBase"]
[SourceDate "2012.06.22"]
[WhiteTeam "Croatia"]
[BlackTeam "Italy"]
[WhiteTeamCountry "CRO"]
[BlackTeamCountry "ITA"]

1. d4 Nf6 2. c4 c5 3. d5 b5 4. cxb5 a6 5. e3 g6 6. Nc3 d6 7. Nf3 Bg7 8. a4 O-O
9. Ra3 Nbd7 10. h3 axb5 11. Bxb5 Ba6 12. Bxa6 Rxa6 13. O-O Qa8 14. e4 Rb8 15.
Qc2 Rb4 16. Bd2 Nb6 17. Rfa1 Nfd7 18. Be1 Bxc3 19. Bxc3 Rbxa4 20. Rxa4 Nxa4 21.
Kh2 Nxc3 22. Rxa6 Qxa6 23. bxc3 Qc4 24. Ng1 f5 25. exf5 Qf4+ 26. g3 Qxf5 27.
Qe2 Nf6 28. c4 Qe4 29. Qa2 Kf7 30. Qb3 Qe1 31. Kg2 Ne4 32. Qc2 Nd2 33. Qd3 Ne4
34. Qc2 Nd2 35. Qd3 Qc1 36. Nf3 Nxc4 37. h4 Ne5 38. Nxe5+ dxe5 39. Qf3+ Kg7 40.
Qg4 Qc2 41. Qd7 Kf8 1/2-1/2

[Event "Mitropa Cup 31st"]
[Site "Sibenik"]
[Date "2012.06.05"]
[Round "6"]
[White "Rombaldoni, Denis"]
[Black "Kuljasevic, Davorin"]
[Result "1/2-1/2"]
[WhiteElo "2520"]
[BlackElo "2574"]
[PlyCount "105"]
[EventDate "2012.05.31"]
[EventType "team-tourn"]
[EventRounds "9"]
[EventCountry "CRO"]
[Source "ChessBase"]
[SourceDate "2012.06.22"]
[WhiteTeam "Italy"]
[BlackTeam "Croatia"]
[WhiteTeamCountry "ITA"]
[BlackTeamCountry "CRO"]

1. Nf3 d5 2. d4 Nf6 3. c4 e6 4. g3 dxc4 5. Bg2 Bb4+ 6. Bd2 a5 7. Qc2 Bxd2+ 8.
Qxd2 c6 9. Ne5 O-O 10. Nxc4 b5 11. Ne5 Qb6 12. O-O Rd8 13. Nc3 Bb7 14. Qe3 Nbd7
15. Nd3 Re8 16. Qf4 Rad8 17. Rac1 Nf8 18. e3 Ng6 19. Qg5 e5 20. Nxe5 Nxe5 21.
dxe5 Nd7 22. Rfd1 h6 23. Qf4 Nxe5 24. Rxd8 Qxd8 25. Rd1 Qe7 26. b3 Bc8 27. Ne4
Bg4 28. Rd2 Qb4 29. h3 Bh5 30. g4 Bg6 31. Rd4 Qe7 32. Nd6 Rd8 33. Nf5 Bxf5 34.
Rxd8+ Qxd8 35. Qxf5 Qe8 36. Qe4 Qe7 37. f4 Ng6 38. Qxe7 Nxe7 39. Kf2 f6 40. e4
Kf7 41. Ke3 Ng6 42. Bf1 Nf8 43. h4 Ke7 44. a3 Nd7 45. Kd4 g5 46. hxg5 hxg5 47.
fxg5 fxg5 48. b4 axb4 49. axb4 Kd6 50. Bd3 Ne5 51. Be2 Nd7 52. Bd3 Ne5 53. Be2
1/2-1/2

[Event "Mitropa Cup 31st"]
[Site "Sibenik"]
[Date "2012.06.05"]
[Round "6"]
[White "Aguettaz, Maxime"]
[Black "Mazur, Stefan"]
[Result "1/2-1/2"]
[WhiteElo "2443"]
[BlackElo "2391"]
[PlyCount "100"]
[EventDate "2012.05.31"]
[EventType "team-tourn"]
[EventRounds "9"]
[EventCountry "CRO"]
[Source "ChessBase"]
[SourceDate "2012.06.22"]
[WhiteTeam "France"]
[BlackTeam "Slovakia"]
[WhiteTeamCountry "FRA"]
[BlackTeamCountry "SVK"]

1. Nf3 Nf6 2. d4 g6 3. g3 Bg7 4. Bg2 O-O 5. O-O d6 6. b3 c5 7. Bb2 cxd4 8. Nxd4
d5 9. c4 dxc4 10. bxc4 Qb6 11. Qb3 Nfd7 12. Rd1 Na6 13. Nc3 Qxb3 14. axb3 Ndc5
15. Nd5 e6 16. Ne7+ Kh8 17. Rxa6 Nxa6 18. Nxc8 Raxc8 19. Bxb7 Nc5 20. Bxc8 Rxc8
21. Ra1 e5 22. Nb5 a6 23. Nd6 Rb8 24. Bxe5 Rb6 25. Nxf7+ Kg8 26. Bxg7 Kxg7 27.
Ne5 Nxb3 28. Rb1 a5 29. Nd3 Rb7 30. Rb2 a4 31. Ra2 Ra7 32. c5 a3 33. e3 Kf6 34.
Kf1 Ke6 35. e4 Nd2+ 36. Rxd2 a2 37. Rxa2 Rxa2 38. h4 Rd2 39. Nf4+ Ke5 40. Nh3
h6 41. Nf4 g5 42. hxg5 hxg5 43. Nh3 g4 44. Ng5 Rc2 45. f3 gxf3 46. Nxf3+ Kxe4
47. Nh4 Rxc5 48. Kg2 Ke3 49. Kh3 Kf2 50. Kg4 Rc3 1/2-1/2

[Event "Mitropa Cup 31st"]
[Site "Sibenik"]
[Date "2012.06.05"]
[Round "6"]
[White "Housieaux, David"]
[Black "Jurcik, Marian"]
[Result "0-1"]
[WhiteElo "2452"]
[BlackElo "2491"]
[PlyCount "58"]
[EventDate "2012.05.31"]
[EventType "team-tourn"]
[EventRounds "9"]
[EventCountry "CRO"]
[Source "ChessBase"]
[SourceDate "2012.06.22"]
[WhiteTeam "France"]
[BlackTeam "Slovakia"]
[WhiteTeamCountry "FRA"]
[BlackTeamCountry "SVK"]

1. c4 e5 2. g3 Nf6 3. Bg2 Nc6 4. Nc3 Bb4 5. Nd5 a5 6. Nf3 d6 7. O-O O-O 8. d3
h6 9. e3 Bc5 10. b3 Bg4 11. h3 Bh5 12. Bb2 Nxd5 13. cxd5 Nb4 14. g4 Bg6 15. d4
Nd3 16. Bc3 Bb4 17. Qd2 e4 18. Ne1 Nxe1 19. Raxe1 Qg5 20. Rc1 f5 21. Bxb4 axb4
22. Rxc7 fxg4 23. hxg4 Qxg4 24. Qxb4 Rad8 25. Qxb7 Bh5 26. Re7 Qg5 27. Kh2 Be2
28. Rg1 Rxf2 29. Rxe4 Bf3 0-1

[Event "Mitropa Cup 31st"]
[Site "Sibenik"]
[Date "2012.06.05"]
[Round "6"]
[White "Pacher, Milan"]
[Black "Libiszewski, Fabien"]
[Result "0-1"]
[WhiteElo "2440"]
[BlackElo "2495"]
[PlyCount "82"]
[EventDate "2012.05.31"]
[EventType "team-tourn"]
[EventRounds "9"]
[EventCountry "CRO"]
[Source "ChessBase"]
[SourceDate "2012.06.22"]
[WhiteTeam "Slovakia"]
[BlackTeam "France"]
[WhiteTeamCountry "SVK"]
[BlackTeamCountry "FRA"]

1. e4 c5 2. Nf3 Nc6 3. d4 cxd4 4. Nxd4 e5 5. Nb5 d6 6. N1c3 a6 7. Na3 b5 8. Nd5
Nge7 9. c4 Nxd5 10. cxd5 Nd4 11. Bd3 g6 12. O-O Bg7 13. Nc2 Bd7 14. Nxd4 exd4
15. Bf4 Qb6 16. Qf3 Be5 17. Bxe5 dxe5 18. Qg3 Qd6 19. f4 f6 20. fxe5 Qxe5 21.
Qxe5+ fxe5 22. Rf6 Rf8 23. Raf1 Rxf6 24. Rxf6 Rc8 25. Rxa6 Rc1+ 26. Kf2 Rd1 27.
Be2 Rd2 28. Ke1 Rxb2 29. d6 Rb1+ 30. Kd2 Rb2+ 31. Kd1 h5 32. Ra7 Bc6 33. Bf3
Kd8 34. h4 d3 35. Rc7 Bd7 36. Rc3 Rxa2 37. Rxd3 Be6 38. Rc3 Bc4 39. g4 Rh2 40.
gxh5 gxh5 41. Bxh5 Rxh4 0-1

[Event "Mitropa Cup 31st"]
[Site "Sibenik"]
[Date "2012.06.05"]
[Round "6"]
[White "Straka, Josef Jr"]
[Black "Dubessay, Bastien"]
[Result "1/2-1/2"]
[WhiteElo "2373"]
[BlackElo "2384"]
[PlyCount "163"]
[EventDate "2012.05.31"]
[EventType "team-tourn"]
[EventRounds "9"]
[EventCountry "CRO"]
[Source "ChessBase"]
[SourceDate "2012.06.22"]
[WhiteTeam "Slovakia"]
[BlackTeam "France"]
[WhiteTeamCountry "SVK"]
[BlackTeamCountry "FRA"]

1. d4 Nf6 2. c4 g6 3. g3 Bg7 4. Bg2 d5 5. cxd5 Nxd5 6. e4 Nb6 7. Ne2 O-O 8. O-O
Nc6 9. d5 Na5 10. Nbc3 c6 11. Bf4 cxd5 12. exd5 Nac4 13. b3 Nd6 14. Rc1 Bg4 15.
h3 Bxe2 16. Qxe2 a6 17. Bg5 Re8 18. Rfe1 Rc8 19. Qd2 Nd7 20. Ne4 Rxc1 21. Rxc1
Qb6 22. Be3 Nxe4 23. Bxe4 Qd6 24. Bg2 Be5 25. Kh2 h5 26. f4 Bg7 27. Kh1 Rd8 28.
Qa5 Nf6 29. Bb6 Re8 30. Bc5 Qd7 31. Ba3 h4 32. g4 Rc8 33. Rxc8+ Qxc8 34. Qc5
Qb8 35. d6 exd6 36. Qxd6 Qc8 37. Qc5 Qd7 38. Qd6 Qc8 39. Qc5 Qd7 40. Qf2 Qc7
41. Bc5 b5 42. Be3 Qe7 43. Qf3 Qa3 44. Qe2 Nd7 45. Qd2 Nf8 46. Bf2 Bb2 47. Bxh4
Qxa2 48. Bd5 Qb1+ 49. Kg2 Bc1 50. Qd4 Qc2+ 51. Bf2 Qc7 52. f5 Bf4 53. Qe4 Qe5
54. Qxe5 Bxe5 55. Bb7 gxf5 56. gxf5 a5 57. Bc6 a4 58. bxa4 bxa4 59. Bxa4 Nh7
60. Bc6 Kg7 61. h4 Nf6 62. Bf3 Ng8 63. Be3 Nh6 64. Be4 Ng4 65. Bg5 Nf6 66. Bf3
Ng8 67. h5 Nh6 68. Be4 Ng8 69. Kf3 Nh6 70. Bc2 Ng8 71. Ke4 Bf6 72. Bf4 Bd8 73.
Be5+ Bf6 74. Bb3 Bxe5 75. Kxe5 f6+ 76. Kf4 Nh6 77. Be6 Nxf5 78. Kxf5 Kh8 79.
Kg6 f5 80. Bxf5 Kg8 81. h6 Kh8 82. Be6 1/2-1/2

[Event "Mitropa Cup 31st"]
[Site "Sibenik"]
[Date "2012.06.05"]
[Round "6"]
[White "Bluebaum, Matthias"]
[Black "Sebenik, Matej"]
[Result "0-1"]
[WhiteElo "2428"]
[BlackElo "2573"]
[PlyCount "36"]
[EventDate "2012.05.31"]
[EventType "team-tourn"]
[EventRounds "9"]
[EventCountry "CRO"]
[Source "ChessBase"]
[SourceDate "2012.06.22"]
[WhiteTeam "Germany"]
[BlackTeam "Slovenia"]
[WhiteTeamCountry "GER"]
[BlackTeamCountry "SLO"]

1. d4 d5 2. c4 c6 3. Nc3 Nf6 4. e3 a6 5. Qc2 e6 6. Nf3 c5 7. cxd5 exd5 8. Be2
Be6 9. O-O Nc6 10. Rd1 Nb4 11. Qd2 Ne4 12. Nxe4 dxe4 13. Ne1 c4 14. b3 Nd3 15.
Qc2 Bd6 16. f4 Bxf4 17. g3 cxb3 18. axb3 Rc8 0-1

[Event "Mitropa Cup 31st"]
[Site "Sibenik"]
[Date "2012.06.05"]
[Round "6"]
[White "Borisek, Jure"]
[Black "Wagner, Dennis"]
[Result "1-0"]
[WhiteElo "2539"]
[BlackElo "2424"]
[PlyCount "45"]
[EventDate "2012.05.31"]
[EventType "team-tourn"]
[EventRounds "9"]
[EventCountry "CRO"]
[Source "ChessBase"]
[SourceDate "2012.06.22"]
[WhiteTeam "Slovenia"]
[BlackTeam "Germany"]
[WhiteTeamCountry "SLO"]
[BlackTeamCountry "GER"]

1. e4 c5 2. Nf3 e6 3. d4 cxd4 4. Nxd4 a6 5. Be2 Nf6 6. Nc3 Bb4 7. e5 Ne4 8. O-O
Nxc3 9. bxc3 Be7 10. Bf4 Qc7 11. Qd3 Nc6 12. Qg3 g6 13. Rfd1 b6 14. Nxc6 dxc6
15. Bh6 Bd7 16. Qf4 Rg8 17. Bg5 Bxg5 18. Qxg5 Qd8 19. Qe3 Qc7 20. Rd6 c5 21.
Bf3 O-O-O 22. Rb1 Bb5 23. c4 1-0

[Event "Mitropa Cup 31st"]
[Site "Sibenik"]
[Date "2012.06.05"]
[Round "6"]
[White "Lenic, Luka"]
[Black "Huschenbeth, Niclas"]
[Result "1/2-1/2"]
[WhiteElo "2632"]
[BlackElo "2521"]
[PlyCount "64"]
[EventDate "2012.05.31"]
[EventType "team-tourn"]
[EventRounds "9"]
[EventCountry "CRO"]
[Source "ChessBase"]
[SourceDate "2012.06.22"]
[WhiteTeam "Slovenia"]
[BlackTeam "Germany"]
[WhiteTeamCountry "SLO"]
[BlackTeamCountry "GER"]

1. Nf3 Nf6 2. c4 e6 3. g3 a6 4. Bg2 b5 5. b3 Bb7 6. O-O c5 7. Bb2 Be7 8. d3 O-O
9. Nbd2 d6 10. Rc1 Nbd7 11. Rc2 Qb6 12. Ng5 Bxg2 13. Kxg2 d5 14. Ngf3 Rfd8 15.
e3 a5 16. e4 a4 17. Re1 a3 18. Bc1 bxc4 19. bxc4 d4 20. e5 Ne8 21. Ne4 Rdb8 22.
h4 Qc7 23. Bf4 Qa5 24. Bc1 Nc7 25. Bg5 Bf8 26. Qc1 Na6 27. Rd1 Nb4 28. Re2 Qc7
29. Bf4 Nc6 30. Rde1 Nb4 31. Rd1 Nc6 32. Rde1 Nb4 1/2-1/2

[Event "Mitropa Cup 31st"]
[Site "Sibenik"]
[Date "2012.06.05"]
[Round "6"]
[White "Zelbel, Patrick"]
[Black "Skoberne, Jure"]
[Result "1/2-1/2"]
[WhiteElo "2377"]
[BlackElo "2535"]
[PlyCount "101"]
[EventDate "2012.05.31"]
[EventType "team-tourn"]
[EventRounds "9"]
[EventCountry "CRO"]
[Source "ChessBase"]
[SourceDate "2012.06.22"]
[WhiteTeam "Germany"]
[BlackTeam "Slovenia"]
[WhiteTeamCountry "GER"]
[BlackTeamCountry "SLO"]

1. e4 d6 2. d4 Nf6 3. Nc3 g6 4. Be3 c6 5. Qd2 Nbd7 6. f3 b5 7. g4 Nb6 8. h4 h6
9. Bd3 Bg7 10. Nge2 h5 11. g5 Nfd7 12. O-O b4 13. Nd1 c5 14. c3 bxc3 15. bxc3
Bb7 16. Rc1 Rc8 17. Nb2 O-O 18. f4 cxd4 19. cxd4 Rxc1 20. Rxc1 Qa8 21. Ng3 Rc8
22. f5 Rxc1+ 23. Qxc1 Qc8 24. Qxc8+ Bxc8 25. fxg6 fxg6 26. Ne2 Kf7 27. a4 Na8
28. Nf4 Nc7 29. Bc4+ e6 30. Bb3 Bb7 31. Nc4 Bf8 32. d5 exd5 33. Na5 Ba8 34.
Bxa7 Ne6 35. Nxd5 Ndc5 36. Bxc5 Nxc5 37. Bc2 Be7 38. Kf2 Bd8 39. Nc4 Bc6 40.
Nxd6+ Ke6 41. Nc4 Nxe4+ 42. Bxe4 Bxd5 43. Nd2 Bxe4 44. Nxe4 Ba5 45. Nc5+ Kd5
46. Nb3 Bc3 47. a5 Kc4 48. a6 Kxb3 49. Ke2 Bd4 50. Kd3 Bf2 51. Ke4 1/2-1/2

[Event "Mitropa Cup 31st"]
[Site "Sibenik"]
[Date "2012.06.05"]
[Round "6"]
[White "Banusz, Tamas"]
[Black "Sermier, Guillaume"]
[Result "1/2-1/2"]
[WhiteElo "2582"]
[BlackElo "2411"]
[PlyCount "116"]
[EventDate "2012.05.31"]
[EventType "team-tourn"]
[EventRounds "9"]
[EventCountry "CRO"]
[Source "ChessBase"]
[SourceDate "2012.06.22"]
[WhiteTeam "Hungary"]
[BlackTeam "Switzerland"]
[WhiteTeamCountry "HUN"]
[BlackTeamCountry "SUI"]

1. c4 Nf6 2. Nf3 e6 3. g3 b6 4. Bg2 Bb7 5. O-O Be7 6. Nc3 O-O 7. Re1 c5 8. e4
d6 9. d4 cxd4 10. Nxd4 Qc7 11. Ndb5 Qc6 12. Be3 a6 13. Nd4 Qc7 14. f4 Nc6 15.
Nb3 Nd7 16. Rc1 Nc5 17. Qe2 Nb4 18. Nxc5 bxc5 19. g4 Nc6 20. g5 Nd4 21. Qd3 f5
22. Bxd4 cxd4 23. Ne2 fxe4 24. Bxe4 Bxe4 25. Qxe4 e5 26. Kg2 d3 27. Qxd3 Qb7+
28. Qd5+ Qxd5+ 29. cxd5 exf4 30. Nd4 Bxg5 31. Rc6 Bf6 32. Ne6 f3+ 33. Kf1 Rfb8
34. b3 a5 35. Re4 a4 36. b4 a3 37. Kf2 Ra4 38. Rcc4 Be5 39. h3 Ra7 40. Kxf3
Rab7 41. Ke2 h6 42. h4 g6 43. Rg4 Kh7 44. Kd3 Rf7 45. Ke3 Re7 46. Rg2 Reb7 47.
b5 Rf7 48. Rb4 Rfb7 49. Ra4 Rxb5 50. Rxa3 R5b7 51. Ra4 Rc8 52. Ke4 Rf7 53. Rb4
Rc1 54. Rb8 Rc4+ 55. Kd3 Rc3+ 56. Ke4 Rc4+ 57. Kd3 Rc3+ 58. Ke4 Rc4+ 1/2-1/2

[Event "Mitropa Cup 31st"]
[Site "Sibenik"]
[Date "2012.06.05"]
[Round "6"]
[White "Botta, Gabriele"]
[Black "Papp, Gabor"]
[Result "0-1"]
[WhiteElo "2365"]
[BlackElo "2552"]
[PlyCount "78"]
[EventDate "2012.05.31"]
[EventType "team-tourn"]
[EventRounds "9"]
[EventCountry "CRO"]
[Source "ChessBase"]
[SourceDate "2012.06.22"]
[WhiteTeam "Switzerland"]
[BlackTeam "Hungary"]
[WhiteTeamCountry "SUI"]
[BlackTeamCountry "HUN"]

1. e4 c5 2. c3 d5 3. exd5 Qxd5 4. d4 g6 5. Nf3 Bg7 6. Be2 Nf6 7. O-O O-O 8. Be3
Ng4 9. Nbd2 Nc6 10. Bc4 Qh5 11. Ne4 cxd4 12. cxd4 h6 13. a3 Nxe3 14. fxe3 Qa5
15. b4 Qd8 16. Qb3 e6 17. Rad1 Qe7 18. Nc5 b6 19. Nd3 a5 20. d5 exd5 21. Bxd5
Bb7 22. Nf4 Kh7 23. b5 a4 24. Qd3 Na5 25. Bxb7 Nxb7 26. Nd5 Qd6 27. e4 Rad8 28.
Qe3 Nc5 29. e5 Qe6 30. Nf4 Qb3 31. Qxb3 axb3 32. Nd5 b2 33. Nxb6 Rxd1 34. Rxd1
Rb8 35. Nc4 Rxb5 36. Nfd2 Na4 37. Rb1 Bxe5 38. Nxe5 Rxe5 39. Kf2 Nc3 0-1

[Event "Mitropa Cup 31st"]
[Site "Sibenik"]
[Date "2012.06.05"]
[Round "6"]
[White "Zueger, Beat"]
[Black "Rapport, Richard"]
[Result "1/2-1/2"]
[WhiteElo "2413"]
[BlackElo "2577"]
[PlyCount "38"]
[EventDate "2012.05.31"]
[EventType "team-tourn"]
[EventRounds "9"]
[EventCountry "CRO"]
[Source "ChessBase"]
[SourceDate "2012.06.22"]
[WhiteTeam "Switzerland"]
[BlackTeam "Hungary"]
[WhiteTeamCountry "SUI"]
[BlackTeamCountry "HUN"]

1. g3 g6 2. c4 Bg7 3. Bg2 Nc6 4. Nc3 a6 5. b3 Nf6 6. Bb2 O-O 7. d4 d6 8. Nf3
Rb8 9. d5 Na5 10. Nd2 c5 11. Qc2 b5 12. Nce4 bxc4 13. Nxf6+ exf6 14. O-O Re8
15. e3 Qb6 16. Bc3 f5 17. Bxg7 Kxg7 18. bxc4 Bd7 19. Rab1 Qc7 1/2-1/2

[Event "Mitropa Cup 31st"]
[Site "Sibenik"]
[Date "2012.06.06"]
[Round "7"]
[White "Froewis, Georg"]
[Black "Zelbel, Patrick"]
[Result "1-0"]
[WhiteElo "2363"]
[BlackElo "2377"]
[PlyCount "85"]
[EventDate "2012.05.31"]
[EventType "team-tourn"]
[EventRounds "9"]
[EventCountry "CRO"]
[Source "ChessBase"]
[SourceDate "2012.06.22"]
[WhiteTeam "Austria"]
[BlackTeam "Germany"]
[WhiteTeamCountry "AUT"]
[BlackTeamCountry "GER"]

1. Nf3 Nf6 2. c4 g6 3. d4 Bg7 4. g3 O-O 5. Bg2 d6 6. O-O Nc6 7. Nc3 e5 8. dxe5
dxe5 9. Bg5 Be6 10. Qa4 Qc8 11. Bxf6 Bxf6 12. Nd2 Nd4 13. e3 Nf5 14. Nde4 Bg7
15. Rfd1 c6 16. Nc5 Re8 17. N3e4 Qc7 18. Rd2 a6 19. Rad1 Bc8 20. Qb3 Kh8 21.
Nd7 Nd4 22. exd4 Bxd7 23. dxe5 Bg4 24. Bf3 Bh3 25. Ng5 Bf5 26. e6 Rxe6 27. Nxe6
Bxe6 28. Qd3 h5 29. Re2 Qe7 30. b3 Qf6 31. h4 a5 32. a4 Rb8 33. Ree1 Rc8 34.
Kg2 Kh7 35. Qd2 Qf5 36. Qd3 Qf6 37. Qe3 b5 38. axb5 cxb5 39. cxb5 Qf5 40. Bc6
Bh6 41. Qd3 Qh3+ 42. Kg1 Bf8 43. Rxe6 1-0

[Event "Mitropa Cup 31st"]
[Site "Sibenik"]
[Date "2012.06.06"]
[Round "7"]
[White "Huschenbeth, Niclas"]
[Black "Kreisl, Robert"]
[Result "1-0"]
[WhiteElo "2521"]
[BlackElo "2398"]
[PlyCount "93"]
[EventDate "2012.05.31"]
[EventType "team-tourn"]
[EventRounds "9"]
[EventCountry "CRO"]
[Source "ChessBase"]
[SourceDate "2012.06.22"]
[WhiteTeam "Germany"]
[BlackTeam "Austria"]
[WhiteTeamCountry "GER"]
[BlackTeamCountry "AUT"]

1. e4 c6 2. Nc3 d5 3. Qe2 d4 4. Nd1 e5 5. g3 c5 6. d3 Nc6 7. f4 Bd6 8. Nf3 Nge7
9. Bg2 exf4 10. gxf4 Ng6 11. e5 Bc7 12. O-O Qe7 13. Nf2 f6 14. Ne4 O-O 15. exf6
gxf6 16. f5 Bxf5 17. Bh6 Rf7 18. Nfd2 Qe5 19. Ng3 Qxe2 20. Nxe2 Nge7 21. Rae1
Bg6 22. Ng3 Bxg3 23. hxg3 Ne5 24. Bf4 Rc8 25. Bxb7 Rb8 26. Ba6 N7c6 27. Bc4
Nxc4 28. Nxc4 Rd8 29. a3 Rb7 30. Re6 Ne5 31. Bxe5 fxe5 32. Rxe5 Rc7 33. Rfe1
Kf8 34. b3 Rdd7 35. Kg2 Kg7 36. g4 h6 37. Kg3 Bf7 38. Nd2 Bd5 39. Rf1 Rc6 40.
Rff5 Rcd6 41. a4 Be6 42. Rf4 Bd5 43. Ne4 Rc6 44. Rff5 Bxe4 45. Rxe4 Rf7 46.
Ree5 Rxf5 47. Rxf5 1-0

[Event "Mitropa Cup 31st"]
[Site "Sibenik"]
[Date "2012.06.06"]
[Round "7"]
[White "Neubauer, Martin"]
[Black "Bluebaum, Matthias"]
[Result "1/2-1/2"]
[WhiteElo "2415"]
[BlackElo "2428"]
[PlyCount "69"]
[EventDate "2012.05.31"]
[EventType "team-tourn"]
[EventRounds "9"]
[EventCountry "CRO"]
[Source "ChessBase"]
[SourceDate "2012.06.22"]
[WhiteTeam "Austria"]
[BlackTeam "Germany"]
[WhiteTeamCountry "AUT"]
[BlackTeamCountry "GER"]

1. d4 d5 2. c4 c6 3. Nf3 Nf6 4. e3 Bf5 5. Nc3 e6 6. Nh4 Be4 7. f3 Bg6 8. Qb3
Qc7 9. Bd2 Be7 10. g3 a6 11. Rc1 dxc4 12. Bxc4 b5 13. Be2 c5 14. dxc5 Nbd7 15.
Qd1 b4 16. Na4 Nxc5 17. Nxg6 hxg6 18. Qc2 Nfd7 19. Bxb4 Nd3+ 20. Bxd3 Bxb4+ 21.
Ke2 Qa5 22. a3 Bd6 23. b4 Qh5 24. Nb6 Qxh2+ 25. Rxh2 Rxh2+ 26. Kd1 Rxc2 27.
Nxa8 Rxc1+ 28. Kxc1 a5 29. Bb5 Kd8 30. Bxd7 Kxd7 31. Nb6+ Kc6 32. Nc4 Bxg3 33.
Nxa5+ Kb5 34. Kc2 Bc7 35. Nb3 1/2-1/2

[Event "Mitropa Cup 31st"]
[Site "Sibenik"]
[Date "2012.06.06"]
[Round "7"]
[White "Kuljasevic, Davorin"]
[Black "Plat, Vojtech"]
[Result "1/2-1/2"]
[WhiteElo "2574"]
[BlackElo "2485"]
[PlyCount "76"]
[EventDate "2012.05.31"]
[EventType "team-tourn"]
[EventRounds "9"]
[EventCountry "CRO"]
[Source "ChessBase"]
[SourceDate "2012.06.22"]
[WhiteTeam "Croatia"]
[BlackTeam "Czech Republic"]
[WhiteTeamCountry "CRO"]
[BlackTeamCountry "CZE"]

1. d4 d5 2. c4 Nc6 3. cxd5 Qxd5 4. e3 e5 5. Nc3 Bb4 6. a3 Bxc3+ 7. bxc3 Nf6 8.
c4 Qd6 9. d5 Ne7 10. a4 Nd7 11. Ba3 Nc5 12. Ne2 f5 13. Nc3 a6 14. Be2 O-O 15.
O-O b6 16. f4 Ng6 17. Qd2 Bd7 18. a5 Rfe8 19. Rab1 exf4 20. exf4 bxa5 21. Bh5
Ne4 22. Qb2 Qf6 23. Nxe4 Qxb2 24. Rxb2 Rxe4 25. Bxg6 hxg6 26. Rc1 Rc8 27. Rb7
Be8 28. Bb2 a4 29. Be5 a3 30. Rb3 g5 31. g3 a2 32. Ra3 Re2 33. Ra1 Rc2 34.
R1xa2 Rxc4 35. Rxa6 gxf4 36. gxf4 Bf7 37. Ra8 Rxa8 38. Rxa8+ Kh7 1/2-1/2

[Event "Mitropa Cup 31st"]
[Site "Sibenik"]
[Date "2012.06.06"]
[Round "7"]
[White "Martinovic, Sasa"]
[Black "Biolek, Richard"]
[Result "0-1"]
[WhiteElo "2504"]
[BlackElo "2412"]
[PlyCount "82"]
[EventDate "2012.05.31"]
[EventType "team-tourn"]
[EventRounds "9"]
[EventCountry "CRO"]
[Source "ChessBase"]
[SourceDate "2012.06.22"]
[WhiteTeam "Croatia"]
[BlackTeam "Czech Republic"]
[WhiteTeamCountry "CRO"]
[BlackTeamCountry "CZE"]

1. d4 Nf6 2. c4 g6 3. Nf3 Bg7 4. g3 O-O 5. Bg2 c6 6. Nc3 d5 7. cxd5 cxd5 8. Ne5
Nbd7 9. Bf4 e6 10. O-O Nh5 11. Nxd7 Qxd7 12. Bg5 h6 13. Bd2 b6 14. Bf3 Nf6 15.
Bf4 Bb7 16. Qd2 Kh7 17. Be5 Ne8 18. Rac1 f6 19. Bf4 e5 20. Be3 e4 21. Bg2 Nc7
22. Bf4 Ne6 23. Bh3 f5 24. e3 Nxf4 25. gxf4 g5 26. fxg5 hxg5 27. Ne2 Ba6 28.
Rc2 g4 29. Bg2 Bxe2 30. Qxe2 Rf6 31. Rfc1 Rh6 32. Rc7 Qd6 33. Qb5 Rd8 34. Rxa7
Qxh2+ 35. Kf1 f4 36. Rcc7 f3 37. Rxg7+ Kh8 38. Rxg4 Rc8 39. Bxf3 exf3 40. Ra8
Qh1+ 41. Rg1 Rxa8 0-1

[Event "Mitropa Cup 31st"]
[Site "Sibenik"]
[Date "2012.06.06"]
[Round "7"]
[White "Simacek, Pavel"]
[Black "Saric, Ante"]
[Result "1-0"]
[WhiteElo "2460"]
[BlackElo "2513"]
[PlyCount "101"]
[EventDate "2012.05.31"]
[EventType "team-tourn"]
[EventRounds "9"]
[EventCountry "CRO"]
[Source "ChessBase"]
[SourceDate "2012.06.22"]
[WhiteTeam "Czech Republic"]
[BlackTeam "Croatia"]
[WhiteTeamCountry "CZE"]
[BlackTeamCountry "CRO"]

1. e4 e5 2. Nf3 Nf6 3. Nxe5 d6 4. Nc4 Nxe4 5. Nc3 Nxc3 6. bxc3 g6 7. d4 Bg7 8.
Bd3 O-O 9. h4 c5 10. Bg5 Bf6 11. Qd2 Bxg5 12. hxg5 f6 13. Qf4 fxg5 14. Qxd6
cxd4 15. Bxg6 Qxd6 16. Bxh7+ Kg7 17. Nxd6 Rh8 18. Nxc8 Rxh7 19. Rxh7+ Kxh7 20.
cxd4 Nc6 21. Nd6 Rd8 22. Nxb7 Rxd4 23. c3 Ra4 24. Kd2 g4 25. Nc5 Rf4 26. Ke3
Rc4 27. Ne4 Ra4 28. Kf4 Kg7 29. Rd1 g3 30. Rd7+ Kf8 31. f3 Rxa2 32. Kxg3 a5 33.
Rd2 Ra1 34. Rd6 Ne7 35. Kf4 a4 36. Ra6 a3 37. c4 a2 38. Ra4 Ng6+ 39. Kg3 Ne5
40. Nc3 Rc1 41. Nxa2 Rc2 42. Nb4 Rxc4 43. Ra8+ Kf7 44. Nd5 Rc2 45. Ne3 Re2 46.
Ra3 Rd2 47. Ra5 Nc6 48. Rd5 Ra2 49. f4 Ne7 50. Rd3 Ke6 51. Kf3 1-0

[Event "Mitropa Cup 31st"]
[Site "Sibenik"]
[Date "2012.06.06"]
[Round "7"]
[White "Brunello, Sabino"]
[Black "Housieaux, David"]
[Result "0-1"]
[WhiteElo "2592"]
[BlackElo "2452"]
[PlyCount "126"]
[EventDate "2012.05.31"]
[EventType "team-tourn"]
[EventRounds "9"]
[EventCountry "CRO"]
[Source "ChessBase"]
[SourceDate "2012.06.22"]
[WhiteTeam "Italy"]
[BlackTeam "France"]
[WhiteTeamCountry "ITA"]
[BlackTeamCountry "FRA"]

1. d4 Nf6 2. c4 g6 3. Nc3 Bg7 4. e4 d6 5. Nf3 O-O 6. Be2 e5 7. d5 a5 8. Bg5 h6
9. Bh4 Na6 10. Nd2 Bd7 11. O-O Qe8 12. Nb5 c6 13. Nc3 Nh7 14. Nb3 c5 15. Nxa5
b6 16. Nb3 h5 17. f3 Bh6 18. Nb5 Be3+ 19. Kh1 Bxb5 20. cxb5 Nb8 21. Nd2 Bxd2
22. Qxd2 Nd7 23. a4 Ra5 24. g4 f6 25. g5 fxg5 26. Bxg5 Nxg5 27. Qxg5 Kh7 28.
Rg1 Rf4 29. Rg3 Ra8 30. b3 Qf7 31. Rag1 Rg8 32. R3g2 Nf6 33. Ra1 Qa7 34. Qg3 g5
35. Qh3 Kh6 36. Qe6 Qc7 37. Rag1 Re8 38. Qh3 Rg8 39. Qg3 Qa7 40. Qe1 Rg7 41.
Qd2 Nd7 42. a5 Qxa5 43. Qxa5 bxa5 44. Ra1 g4 45. fxg4 Rxe4 46. Rxa5 hxg4 47.
Ra6 Kg5 48. Rxd6 Kf4 49. Kg1 Re3 50. Bc4 e4 51. Kf2 Rc3 52. Rg3 e3+ 53. Ke2
Rc2+ 54. Kd3 Rd2+ 55. Kc3 Rxh2 56. Rg1 g3 57. b6 g2 58. Bb5 Ne5 59. Rf6+ Kg3
60. d6 Rh1 61. Rxg2+ Kxg2 62. d7 Rh8 63. Rd6 e2 0-1